Inter Squad 2025-2026 - Statistics

General Stats
  • This quiz has been taken 408 times
    356 since last reset
  • The average score is 22 of 26
Answer Stats
# Position Nation Player % Correct
1 GK Switzerland Yann Sommer
100%
10 FW Argentina Lautaro Martínez
99%
2 DF Netherlands Denzel Dumfries
97%
9 FW France Marcus Thuram
97%
95 DF Italy Alessandro Bastoni
96%
13 GK Spain Josep Martínez
95%
23 MF Italy Nicolò Barella
95%
20 MF Turkey Hakan Çalhanoğlu
94%
25 DF Switzerland Manuel Akanji
93%
7 MF Poland Piotr Zieliński
93%
6 DF Netherlands Stefan de Vrij
91%
32 DF Italy Federico Dimarco
90%
15 DF Italy Francesco Acerbi
90%
- Coach Romania Cristian Chivu
88%
31 DF Germany Yann Bisseck
87%
22 MF Armenia Henrikh Mkhitaryan
84%
8 MF Croatia Petar Sučić
84%
14 FW France Ange-Yoan Bonny
82%
94 FW Italy Pio Esposito
82%
30 DF Brazil Carlos Augusto
81%
11 MF Brazil Luis Henrique
76%
36 DF Italy Matteo Darmian
74%
16 MF Italy Davide Frattesi
72%
17 MF France Andy Diouf
66%
12 GK Italy Raffaele Di Gennaro
64%
42 DF Argentina Tomás Palacios
49%
No matching quizzes found
Score Distribution
Percent of People with Each Score
Percentile by Number Answered
Your Score History
You have not taken this quiz since the last reset